| 000 | 01057cam a22003015a 4500 | ||
|---|---|---|---|
| 001 | 017531299 | ||
| 003 | OSt | ||
| 005 | 20161115111616.0 | ||
| 008 | 150629t2016 maua frb 001 0 eng d | ||
| 020 | _a9780128012215 | ||
| 040 |
_aStDuBDS _beng _cStDuBDS _dEG-ScBUE |
||
| 082 | 0 | 4 |
_a345.0268 _222 _bINT |
| 245 | 0 | 0 |
_aIntroduction to the theories and varieties of modern crime in financial markets / _cedited by Marius-Cristian Frunza. |
| 250 | _a1st ed. | ||
| 260 |
_aWaltham ; _aOxford : _bAcademic Press / Elsevier, _cc.2016. |
||
| 300 |
_axxxix, 231 p. : _bill. ; _c24 cm. |
||
| 500 | _aIndex : p. 227-231. | ||
| 504 | _aBibliography : p. 223-226. | ||
| 650 | 7 |
_aData mining in law enforcement. _2BUEsh _940924 |
|
| 650 | 7 |
_aCriminal investigation _xData processing. _2BUEsh |
|
| 650 | 7 |
_aCrime prevention _xData processing. _2BUEsh |
|
| 650 | 7 |
_aCommercial crimes _xPrevention. _2BUEsh |
|
| 651 | _2BUEsh | ||
| 653 |
_bBUSECO _cNovember2016 |
||
| 700 | 1 |
_aFrunza, Marius-Christian. _eeditor. |
|
| 776 | 0 | 8 |
_iebook version _z9780128013496 |
| 942 | _2ddc | ||
| 999 |
_c23135 _d23107 |
||